000 00357nam a2200157Ia 4500
008 151213s9999 xx 000 0 und d
100 _aA.F. Abbott
245 _aPhysics
_cA.F. Abbott
250 _a5th
260 _aLondon
_bHeineman education
_c1989
300 _a801 p.
650 _aPhysics
650 _aPhysics
700 _aA.F. Abbott
999 _c958
_d958